000 00462nam a22001937a 4500
003 MPLRDC
005 20220104143028.0
008 210129b ||||| |||| 00| 0 eng d
020 _a962-988-122-5
082 _a857.621 NK-63 v.2
100 _a倪匡
245 _a奇珍
_c
250 _a初版
260 _a香港
_b利文出版社
_c2004
300 _b223
490 _a浪子传奇系列: 2
650 _a科幻小说
942 _cBK
_o857.621 NK-63 v.2
999 _c35931
_d35921